TEAM directory 2008 - 2010.
| Corporate Author: | |
|---|---|
| Format: | Book |
| Published: |
Kuala Lumpur:
The Timber Exporters Association of Malaysia [TEAM],
2008.
|
| Edition: | 6th ed. |
| Subjects: |
| LEADER | 00530cam a2200157 7i4500 | ||
|---|---|---|---|
| 001 | 0000022175 | ||
| 005 | 20081223090000.0 | ||
| 090 | 0 | 0 | |a M 333.7511025 |b TIM |
| 110 | 2 | 0 | |a The Timber Exporters Association of Malaysia [TEAM] |
| 245 | 2 | 0 | |a TEAM directory 2008 - 2010. |
| 250 | 0 | 0 | |a 6th ed. |
| 260 | 0 | 0 | |a Kuala Lumpur: |b The Timber Exporters Association of Malaysia [TEAM], |c 2008. |
| 300 | # | # | |a 109 p. |
| 650 | 0 | 0 | |a Timber -- |x Directories -- |z Malaysia |
| 651 | 0 | 0 | |a Malaysia |
| 999 | |a TRG000060H |b Directories |c Malaysia |e MATRADE Eastern Regional Office | ||